000 00770nam a2200241Ia 4500
001 11356
003 GE_BSU
008 181216s||||||||xx |||||||||||||| ||und||
020 _a9785392115358
040 _cGE_BSU
080 _a94(470)(075.8):351/354
100 _aОмельченко,Н.А.
245 _aИстория государственного управления в Россий.
245 _bУчебник.
260 _aМосква.
260 _bПроспект.
260 _c2014.
300 _a464стр;21см.
520 _aГосударственный университет управления.
541 _h28л.
653 _aИстория государственного управления в Россий.
942 _cBK
999 _c44553
_d44553